[Event "ch-FRA w"]
[Site "Chartres FRA"]
[Date "2005.08.24"]
[Round "9"]
[White "Flear,C"]
[Black "Wohlers Armas,F"]
[Result "1/2-1/2"]
[WhiteElo "2242"]
[BlackElo "2153"]

1.d4 d5 2.c4 e6 3.Nc3 Nf6 4.Nf3 c6 5.e3 Nbd7 6.Qc2 Be7 7.Bd3 dxc4 8.Bxc4 c5
9.O-O cxd4 10.exd4 Nb6 11.Be2 O-O 12.Rd1 Nbd5 13.Ne5 a6 14.Bg5 Nxc3 15.bxc3 Nd5
16.Bxe7 Nxe7 17.c4 Qc7 18.Qe4 f6 19.Nf3 Ng6 20.Rac1 Qf4 21.Qb1 Qg4 22.h3 Qf4
23.Qb3 Kh8 24.c5 Qc7 25.Qe3 Nf4 26.Bc4 Bd7 27.g3 Nd5  1/2-1/2

[Event "2nd Dato' Arthur Tan Malaysian Open"]
[Site "Kuala Lumpur MAS"]
[Date "2005.08.24"]
[Round "9"]
[White "Adianto,U"]
[Black "Handoko,E"]
[Result "1-0"]
[WhiteElo "2588"]
[BlackElo "2407"]

1.d4 d5 2.c4 c6 3.Nf3 Nf6 4.Nc3 e6 5.e3 Nbd7 6.Qc2 Bd6 7.Be2 O-O 8.O-O e5
9.cxd5 cxd5 10.dxe5 Nxe5 11.Bd2 Be6 12.Nd4 Rc8 13.Nxe6 fxe6 14.Qb3 Qe7 15.Nb5 Nc4
16.Bc3 a6 17.Nxd6 Nxd6 18.Bb4 Rc6 19.Rac1 Rfc8 20.Rxc6 Rxc6 21.f3 Nfe8 22.e4 dxe4
23.fxe4 Qd7 24.Qe3 h6 25.Qf4 Nf7 26.Bh5 Ned6 27.e5 Rc4 28.Qd2  1-0

[Event "39th Open"]
[Site "Mislata ESP"]
[Date "2005.08.24"]
[Round "7"]
[White "Ortega Hermida,D"]
[Black "Abreu,A"]
[Result "0-1"]
[WhiteElo "2396"]
[BlackElo "2442"]

1.d4 d5 2.c4 c6 3.Nc3 Nf6 4.Nf3 e6 5.e3 Nbd7 6.Bd3 dxc4 7.Bxc4 b5 8.Bd3 Bb7
9.O-O b4 10.Ne4 Nxe4 11.Bxe4 Bd6 12.Bd2 O-O 13.Qe2 Qb6 14.Rfc1 c5 15.Qd3 Bxe4
16.Qxe4 a5 17.Rc4 Rac8 18.Rac1 Rc7 19.Qc2 Rfc8 20.Ng5 Nf6 21.Ne4 Nxe4 22.Qxe4 cxd4
23.Rxc7 Rxc7 24.exd4 Rxc1+ 25.Bxc1 Qc7 26.Qa8+ Bf8 27.Be3 Qc2 28.g3 Qb1+
29.Kg2 Qxa2 30.Bf4 Qd5+ 31.Qxd5 exd5 32.b3 Be7  0-1

[Event "41st Rubinstein Mem Open A"]
[Site "Polanica Zdroj POL"]
[Date "2005.08.24"]
[Round "6"]
[White "Czakon,J"]
[Black "Radovanovic,J"]
[Result "1-0"]
[WhiteElo "2461"]
[BlackElo "2357"]

1.d4 d5 2.c4 c6 3.Nc3 Nf6 4.e3 e6 5.Nf3 Nbd7 6.Qc2 Bd6 7.g4 Bb4 8.Bd2 Qe7
9.Rg1 Bxc3 10.Bxc3 Ne4 11.O-O-O Nxc3 12.Qxc3 Qd6 13.Kb1 b6 14.Bd3 Ba6 15.cxd5 Bxd3+
16.Qxd3 exd5 17.e4 O-O 18.e5 Qg6 19.Nh4 Qxd3+ 20.Rxd3 g6 21.f4 Rfe8 22.Rc1 Rac8
23.Ng2 f6 24.Ne3 fxe5 25.fxe5 Nb8 26.g5 Rf8 27.Ng4 Kf7 28.Rh3 Rh8 29.Ra3 a6
30.Rf3+ Ke7 31.Rf6 Rhf8 32.Ne3 Rcd8 33.b4 Rxf6 34.gxf6+ Ke6 35.h4 h6 36.a4 Rc8
37.Ng4 c5 38.a5 Nd7 39.axb6 c4 40.Kc2 Rb8 41.Ra1 h5 42.Ne3 Rxb6 43.Ra5 Rxb4
44.Nxd5 Rb7 45.Ne3 Nb8 46.Nxc4 Rb5 47.Ra3 Kd5 48.Kd3 Nc6 49.Ne3+  1-0

[Event "Rudenko mem"]
[Site "St Petersburg RUS"]
[Date "2005.08.24"]
[Round "5"]
[White "Lupik,M"]
[Black "Tomilova,E"]
[Result "1-0"]
[WhiteElo "2200"]
[BlackElo "2306"]

1.d4 d5 2.c4 c6 3.Nf3 Nf6 4.e3 e6 5.Nc3 Nbd7 6.Bd3 dxc4 7.Bxc4 b5 8.Bd3 Bb7
9.e4 b4 10.Na4 c5 11.e5 Nd5 12.O-O cxd4 13.Re1 Be7 14.Nxd4 O-O 15.Qh5 g6
16.Qg4 Nxe5 17.Rxe5 Nf6 18.Qh4 Ne4 19.Qf4 Qxd4 20.Bc2 f5 21.Rxe6 Bg5 22.Be3 Qd5
23.Qe5 Qxe5 24.Rxe5 Bf6 25.Rb5 Bc6 26.Bb3+ Kg7 27.Rxb4 a5 28.Rb6 f4 29.Bxf4 Bd4
30.Rxc6 Rxf4 31.Bd5 Bxf2+ 32.Kh1 Rb8 33.Nc3 Nf6 34.Bb3 Ng4 35.g3 Rd4 36.Rd1 a4
37.Be6 Ne5 38.Rc7+ Kh6 39.Rxd4 Bxd4 40.b3 Rf8 41.Ne4 a3 42.Kg2 Nd3 43.h4 Be3
44.Bf7 Ne5 45.Be6 Nd3 46.Bf7 Nb4 47.g4 Kg7 48.Be6+ Kh8 49.g5 Na6 50.Rc4 Re8
51.Bd5 Rb8 52.Nf6 Bc5 53.Nd7 Rc8 54.Bb7 Rc7 55.Bxa6 Rxd7 56.Rxc5 Rd2+ 57.Kg1 Rxa2
58.Ra5 Kg7 59.Bc4 Ra1+ 60.Kg2  1-0

[Event "Rudenko mem"]
[Site "St Petersburg RUS"]
[Date "2005.08.24"]
[Round "5"]
[White "Danielian,E"]
[Black "Petrenko,S"]
[Result "1-0"]
[WhiteElo "2433"]
[BlackElo "2307"]

1.Nf3 Nf6 2.d4 d5 3.c4 c6 4.e3 e6 5.Nc3 Nbd7 6.Bd3 Bd6 7.O-O h6 8.e4 dxe4
9.Nxe4 Nxe4 10.Bxe4 Nf6 11.Bc2 Qc7 12.c5 Bf4 13.Bxf4 Qxf4 14.Ne5 h5 15.a4 Ng4
16.g3 Qh6 17.Ra3 Nf6 18.Qf3 O-O 19.Qe3 Qxe3 20.fxe3 Nd5 21.Bd1 g6 22.e4 Ne7
23.Rf6 Kg7 24.Raf3 Nf5 25.exf5 gxf5 26.Rxf7+ Rxf7 27.Nxf7 Kxf7 28.Rf4 b6
29.Bxh5+ Kf6 30.Be2 a5 31.cxb6 Rb8 32.b4 Rxb6 33.bxa5 Rb2 34.Bf3 Rc2 35.Rh4 Ba6
36.Rh6+ Ke7 37.Rh7+ Kd6 38.Ra7 Bd3 39.a6 Ra2 40.Ra8 Rxa4 41.a7 Kc7 42.Re8 Rxa7
43.Re7+ Kb6 44.Rxa7 Kxa7 45.Bxc6  1-0

[Event "Iranian Super League"]
[Site "Iran IRI"]
[Date "2005.08.25"]
[Round "8"]
[White "Ardeshi,M"]
[Black "Kheiri,A"]
[Result "1/2-1/2"]
[WhiteElo "2265"]
[BlackElo "2193"]

1.d4 d5 2.c4 c6 3.Nc3 Nf6 4.e3 e6 5.Nf3 Nbd7 6.Bd3 dxc4 7.Bxc4 b5 8.Bb3 b4
9.Ne2 Bb7 10.O-O c5 11.Nf4 Bd6 12.Ng5 Bxf4 13.exf4 O-O 14.Be3 Qe7 15.Re1 h6
16.Nf3 Rfd8 17.Qe2 Nd5 18.Rad1 Rac8 19.Ne5 Nxe3 20.fxe3 Nxe5 21.dxe5 Bd5
22.Bc4 Bxc4 23.Qxc4 Rxd1 24.Rxd1 Rd8 25.Rxd8+ Qxd8 26.Qxc5 Qd2 27.h3 a5 28.Qd4 Qe1+
29.Kh2 h5 30.e4 h4 31.Qd8+ Kh7 32.Qg5 g6 33.Qg4 Qf2 34.b3 Kh8 35.Qg5 Kh7
36.Kh1 Qe1+ 37.Kh2 Qf2 38.f5 exf5 39.exf5 gxf5 40.Qh5+ Kg7 41.Qg5+ Kf8 42.Qh6+ Ke8
43.Qc6+ Kf8 44.Qd6+ Kg8 45.e6 fxe6 46.Qxe6+ Kg7 47.Qe5+ Kg6 48.Qe8+ Kg5 49.Qg8+ Kf4
50.Qc4+ Ke3 51.Qc5+ Ke2 52.Qc2+ Ke1  1/2-1/2

[Event "Caissa IM August II"]
[Site "Kecskemet HUN"]
[Date "2005.08.25"]
[Round "8"]
[White "Sutorikhin,V"]
[Black "Vasvari,T"]
[Result "1-0"]
[WhiteElo "2370"]
[BlackElo "2203"]

1.d4 d5 2.c4 c6 3.Nc3 e6 4.e3 Nf6 5.Nf3 Nbd7 6.Qc2 Bd6 7.Bd3 dxc4 8.Bxc4 O-O
9.O-O Qe7 10.h3 h6 11.Rd1 b5 12.Bb3 a5 13.a3 Re8 14.e4 e5 15.dxe5 Nxe5 16.Nd4 Bc5
17.Be3 Bxd4 18.Bxd4 Bb7 19.f4 Ng6 20.Bxf6 gxf6 21.e5 Nxf4 22.exf6 Qc5+ 23.Kh1 a4
24.Bxf7+ Kh8 25.Bxe8 Rxe8 26.Rd7  1-0

[Event "XVI ch-NATO"]
[Site "Kolobrzeg POL"]
[Date "2005.08.25"]
[Round "5"]
[White "Soulie,C"]
[Black "Van Run,R"]
[Result "0-1"]
[WhiteElo "2087"]
[BlackElo "2129"]

1.c4 e6 2.Nc3 Nf6 3.d4 d5 4.e3 c6 5.Nf3 Bd6 6.c5 Bc7 7.Bd3 Nbd7 8.O-O O-O
9.e4 e5 10.exd5 cxd5 11.Bf5 exd4 12.Qxd4 Nxc5 13.Bxc8 Rxc8 14.Bg5 Ne6 15.Qh4 Nxg5
16.Qxg5 Ne4 17.Qh5 Nxc3 18.bxc3 Ba5 19.Rad1 Bxc3 20.Rxd5 Qb6 21.Rb5 Qa6 22.Rfb1 Bf6
23.g4 g6 24.Qd5 Rfd8 25.Qb3 Rc3 26.Qb4 Rxf3 27.g5 Rd4 28.Qe1 Rg4+ 29.Kh1 Qc6
30.Rc1  0-1

[Event "41st Rubinstein Mem Open A"]
[Site "Polanica Zdroj POL"]
[Date "2005.08.25"]
[Round "7"]
[White "Kozak,Ma"]
[Black "Litwin,J"]
[Result "1-0"]
[WhiteElo "2171"]
[BlackElo "2221"]

1.d4 d5 2.c4 c6 3.Nf3 Nf6 4.Nc3 e6 5.e3 Nbd7 6.Qc2 Bd6 7.g4 dxc4 8.Bxc4 e5
9.g5 Nd5 10.Bd2 exd4 11.Qe4+ Ne7 12.Qxd4 Nb6 13.Qxg7 Rf8 14.Bb3 Bf5 15.Ne5 Bg6
16.Ne4 Nbd5 17.Nxg6 hxg6 18.Qf6 Bc7 19.O-O-O Qd7 20.Qd4 O-O-O 21.Qxa7 Bb6
22.Qa4 Qf5 23.h4 Rfe8 24.Rhe1 Kc7 25.Ng3 Qf3 26.Ba5 Ra8 27.Bxb6+ Nxb6 28.Qd4 Ned5
29.e4 Qf4+ 30.Kb1 Ne7 31.Ne2 Qxh4 32.Qe5+ Kc8 33.Bxf7 Nd7 34.Rxd7 Kxd7 35.Be6+  1-0

[Event "Rudenko mem"]
[Site "St Petersburg RUS"]
[Date "2005.08.25"]
[Round "6"]
[White "Lupik,M"]
[Black "Sudakova,I"]
[Result "0-1"]
[WhiteElo "2200"]
[BlackElo "2360"]

1.d4 d5 2.c4 e6 3.Nc3 c6 4.e3 Nf6 5.Nf3 Nbd7 6.Bd3 dxc4 7.Bxc4 b5 8.Bd3 a6
9.e4 c5 10.e5 cxd4 11.Nxb5 axb5 12.exf6 gxf6 13.Be4 Ra6 14.Qe2 Qb6 15.O-O b4
16.Qc4 Qc5 17.Qxd4 Qxd4 18.Nxd4 f5 19.Bf3 Bc5 20.Nb3 Bd6 21.Bd2 Rg8 22.Be2 Bb7
23.f3 Ra8 24.Rfd1 Bd5 25.Be3 Ke7 26.Nd4 Kf6 27.b3 Rgc8 28.Bb5 Ne5 29.Rd2 Rc3
30.Bf2 Rac8 31.Ne2 Rc2 32.Rad1 Rxd2 33.Rxd2 Rb8 34.Ba6 Rg8 35.Kf1 Ng6 36.Bg3 Bc5
37.Nf4 Nxf4 38.Bxf4 Ra8 39.Be2 Bf8 40.Rc2 e5 41.Be3 Bd6 42.h4 f4 43.Bf2 Ke6
44.Bc4 f5 45.Rd2 Bxc4+ 46.bxc4 Rc8 47.Rc2 Bc5 48.Be1 Be7 49.Ke2 e4 50.g3 fxg3
51.Bxg3 Rg8 52.Bf2 Rg2 53.Kf1 Rh2 54.Kg1 Rh3 55.fxe4 fxe4 56.Re2 Kf5 57.c5 Rc3
58.Rb2 e3 59.Be1 Rc1 60.Kf1 Bxh4 61.Rxb4 Bxe1 62.Rb5 Bb4+ 63.Ke2 Bxc5 64.a4 Ke5
65.Rb7 Ra1 66.Rxh7 Rxa4 67.Rh5+ Kd6 68.Rh6+ Kd5 69.Rh5+ Kc4 70.Rh4+ Bd4 71.Re4 Ra2+
72.Kf3 Rf2+ 73.Kg3 Kd3  0-1

[Event "Nordic Championships"]
[Site "Vammala FIN"]
[Date "2005.08.25"]
[Round "2"]
[White "Pedersen,Nic"]
[Black "Simonsen,H"]
[Result "1-0"]
[WhiteElo "2488"]
[BlackElo "2305"]

1.d4 d5 2.c4 c6 3.Nc3 Nf6 4.Nf3 e6 5.e3 Nbd7 6.Bd3 Be7 7.O-O b6 8.b3 Bb7
9.Bb2 O-O 10.Qc2 Qc7 11.Rad1 Rad8 12.Ne5 Rfe8 13.f4 Nf8 14.cxd5 Nxd5 15.Nxd5 exd5
16.Rc1 Bd6 17.e4 dxe4 18.Bxe4 c5 19.b4 Bxe4 20.Qxe4 Qe7 21.dxc5 bxc5 22.b5 Bxe5
23.Qxe5 Qxe5 24.Bxe5 f6 25.Bc7 Rd2 26.Rf2 Rxf2 27.Kxf2 Ne6 28.Bd6 Rd8 29.f5 Ng5
30.Bxc5 Rd2+ 31.Ke3 Rxa2 32.h4 Nf7 33.Bxa7 Nd6 34.b6 Rb2 35.Rc5 Kf8 36.g4 Ke8
37.h5 Kd8 38.Rc7 Ne8 39.Rf7 Kc8 40.Kd4 Nd6 41.Rxg7  1-0

[Event "Operation Capablanca"]
[Site "Vienna AUT"]
[Date "2005.08.25"]
[Round "2"]
[White "Braun,A"]
[Black "Siebrecht,S"]
[Result "1-0"]
[WhiteElo "2475"]
[BlackElo "2487"]

1.d4 d5 2.c4 c6 3.Nf3 Nf6 4.e3 e6 5.Nc3 Nbd7 6.Bd3 Bd6 7.O-O O-O 8.e4 dxe4
9.Nxe4 Nxe4 10.Bxe4 Nf6 11.Bg5 h6 12.Bxf6 Qxf6 13.c5 Bc7 14.Re1 Rd8 15.Qc2 Bd7
16.b4 a5 17.bxa5 Rxa5 18.Rab1 Ra7 19.g3 Rda8 20.Rb2 Bc8 21.Re3 g6 22.h4 Kg7
23.Qe2 Ra5 24.Bb1 Ra4 25.h5 gxh5 26.Qd3 h4 27.Nxh4 Rxd4 28.Qh7+ Kf8 29.Rf3 Bf4
30.Rd2 Raa4 31.Rxf4 Rxf4 32.gxf4 Rxf4 33.Ng6+ fxg6 34.Qc7 Rg4+ 35.Kf1 Rg1+
36.Ke2 Bd7 37.Rxd7 Qb2+ 38.Rd2 Qb5+ 39.Kf3 Qxb1 40.Rd8+  1-0

[Event "25th Open"]
[Site "Bratto ITA"]
[Date "2005.08.26"]
[Round "7"]
[White "Maiorov,N"]
[Black "Godena,M"]
[Result "1/2-1/2"]
[WhiteElo "2453"]
[BlackElo "2522"]

1.d4 d5 2.c4 e6 3.Nf3 Nf6 4.Nc3 c6 5.e3 a6 6.Qc2 c5 7.cxd5 exd5 8.dxc5 Bxc5
9.Ne2 Ba7 10.Ned4 O-O 11.Be2 Bg4 12.O-O Nbd7 13.b3 Rc8 14.Qd1 Ne4 15.Bb2 Nc3
16.Bxc3 Rxc3 17.Qd2 Rc7 18.h3 Bh5 19.Rac1 Nf6 20.Rxc7 Qxc7 21.Rc1 Qd6 22.Qc2 Bb8
23.Bd3 Re8 24.Qc5 Qxc5 25.Rxc5 Bd6 26.Rc1 Bxf3 27.Nxf3 g6 28.Nd4 Re7 29.g4 Rc7
30.Rxc7 Bxc7 31.g5 Ne8 32.Be2 Bd8 33.f4 h6 34.h4 hxg5 35.hxg5 Bb6 36.Bf3 Bxd4
37.exd4 Nc7 38.Kf2 Kf8 39.Ke3  1/2-1/2

[Event "XVI ch-NATO"]
[Site "Kolobrzeg POL"]
[Date "2005.08.26"]
[Round "6"]
[White "Rau,H"]
[Black "Bieluszewski,P"]
[Result "1/2-1/2"]
[WhiteElo "2421"]
[BlackElo "2163"]

1.d4 d5 2.c4 c6 3.Nf3 Nf6 4.Nc3 e6 5.e3 Nbd7 6.Qc2 Bd6 7.Bd3 dxc4 8.Bxc4 e5
9.O-O O-O 10.a3 Qe7 11.h3 Kh8 12.Ba2 h6 13.dxe5 Nxe5 14.Nxe5 Bxe5 15.f4 Bxc3
16.Qxc3 Ne4 17.Qc2 f5 18.b4 Be6 19.Bxe6 Qxe6 20.Bb2 Rad8 21.Bd4 a6 22.Kh2 Rd5
23.Rg1 h5 24.Qe2 Qh6 25.g3 h4 26.Qf3 Nxg3 27.Rg2 Rfd8 28.Rag1 Rxd4 29.exd4 Rxd4
30.Rf2 Qd6 31.Re1 Rd3 32.Re3 Rxe3 33.Qxe3 Qd5 34.Qf3 Qd4 35.Rc2 Kh7 36.Rf2 Kh6
37.Rg2 Qc4 38.Rf2 Qc1 39.Ra2 Qb1 40.Rf2 g6 41.Qg2 Qc1 42.Qf3 Kh7 43.Ra2 Nf1+
44.Kg1 Ng3+ 45.Kh2 Kh6 46.Rf2 Qe1 47.Rc2 b6 48.Rb2 c5 49.bxc5 bxc5 50.Rb6 Qd2+
51.Kg1 Qd4+ 52.Kg2 a5 53.Rc6 Nh5 54.Rc8 Nxf4+ 55.Kh1 Nh5 56.Re8 f4 57.Qa8 Ng3+
58.Kg2 Qd2+ 59.Kf3 Qd1+ 60.Kxf4 Nh1 61.Ke5 Qd4+ 62.Ke6 Nf2  1/2-1/2

[Event "Rudenko mem"]
[Site "St Petersburg RUS"]
[Date "2005.08.26"]
[Round "7"]
[White "Shumiakina,T"]
[Black "Shaidullina,S"]
[Result "1-0"]
[WhiteElo "2328"]
[BlackElo "2331"]

1.c4 e6 2.d4 d5 3.Nf3 c6 4.Nc3 Nf6 5.e3 Nbd7 6.Bd3 Bd6 7.e4 dxe4 8.Nxe4 Nxe4
9.Bxe4 h6 10.O-O O-O 11.Bc2 e5 12.Qd3 f5 13.c5 Bc7 14.dxe5 Nxe5 15.Qb3+ Kh8
16.Re1 Qf6 17.Bf4 Nxf3+ 18.Qxf3 Bxf4 19.Qxf4 Be6 20.Re5 Rad8 21.Rae1 Bc8
22.Bb3 b6 23.h4 bxc5 24.Re6 Bxe6 25.Rxe6 g5 26.Qc7 Rf7 27.Qxc6 Qxb2 28.Re8+ Kg7
29.Rxd8 Qa1+ 30.Rd1 Qf6 31.Rd6 Qa1+ 32.Kh2 Qe5+ 33.g3 Rf6 34.Qc7+  1-0

[Event "49th TCh-ESP Honor 1"]
[Site "Merida ESP"]
[Date "2005.08.27"]
[Round "4"]
[White "Cifuentes Parada,R"]
[Black "Perez Candelario,Man"]
[Result "1-0"]
[WhiteElo "2512"]
[BlackElo "2504"]

1.Nf3 d5 2.d4 Nf6 3.c4 e6 4.Nc3 c6 5.e3 Nbd7 6.Qc2 Bd6 7.b3 O-O 8.Be2 b6
9.Bb2 Bb7 10.O-O Rc8 11.e4 dxe4 12.Nxe4 Nxe4 13.Qxe4 Rc7 14.Bd3 Nf6 15.Qh4 h6
16.Rad1 Qe7 17.Rfe1 Re8 18.Bc2 Nd7 19.Qe4 Nf8 20.Qg4 f6 21.h4 Qf7 22.h5 c5
23.d5 exd5 24.Rxe8 Qxe8 25.cxd5 Re7 26.Bf5 Qf7 27.Bc1 Kh8 28.Nh4 Bxd5 29.Bg6 Qe6
30.Qxe6 Rxe6 31.Bf7 Bc7 32.Ng6+ Nxg6 33.hxg6 c4 34.Bxe6 Bxe6 35.Re1 Be5 36.f4 Bd4+
37.Kh2 Bg8 38.bxc4 b5 39.cxb5 Bxa2 40.Re8+ Bg8 41.Be3  1-0

[Event "Rudenko mem"]
[Site "St Petersburg RUS"]
[Date "2005.08.27"]
[Round "8"]
[White "Zdebskaja,N"]
[Black "Shumiakina,T"]
[Result "1/2-1/2"]
[WhiteElo "2390"]
[BlackElo "2328"]

1.d4 d5 2.c4 c6 3.e3 Nf6 4.Nc3 e6 5.Nf3 Nbd7 6.Qc2 Bd6 7.Be2 O-O 8.O-O dxc4
9.Bxc4 a6 10.Rd1 b5 11.Be2 Qc7 12.Bd2 c5 13.dxc5 Qxc5 14.Rac1 Bb7 15.Qd3 Qb6
16.Qd4 Qxd4 17.Nxd4 Rac8 18.Bf3 Bxf3 19.Nxf3 Nb6 20.Be1 Rfd8 21.Ne2 Rxc1
22.Rxc1 Rc8  1/2-1/2

[Event "41st Rubinstein Mem Open A"]
[Site "Polanica Zdroj POL"]
[Date "2005.08.28"]
[Round "10"]
[White "Kveinys,A"]
[Black "Czarnota,P"]
[Result "0-1"]
[WhiteElo "2510"]
[BlackElo "2461"]

1.d4 d5 2.c4 c6 3.Nc3 Nf6 4.Nf3 e6 5.e3 Nbd7 6.Qc2 Bd6 7.g4 Bb4 8.Bd2 Qe7
9.Rg1 Bxc3 10.Bxc3 Ne4 11.Bd3 Nxc3 12.Qxc3 dxc4 13.Bxc4 O-O 14.g5 c5 15.O-O-O cxd4
16.Qxd4 b6 17.Rg3 Qc5 18.Rh3 Bb7 19.Qxc5 Nxc5 20.Rd4 Rac8 21.Kd2 Rfd8 22.Bd3 h6
23.gxh6 Bxf3 24.Rxf3 e5 25.Rxd8+ Rxd8 26.e4 gxh6 27.Kc3 Rd4 28.b4 Nxe4+ 29.Bxe4 Rxe4
30.Rd3 Re2 31.a4 Rxf2 32.Rd7 a5 33.bxa5 bxa5 34.Rd5 f6 35.Rxa5 Kf7 36.Rb5 Rxh2
37.a5 Ra2 38.Kb3 Ra1 39.Kb2 Ra4 40.Kb3 Ra1 41.Kb2 Rg1 42.a6 Rg8 43.Kc3 Kg6
44.Ra5 Kf5 45.a7 Ra8 46.Kd3 Kf4 47.Ra1 h5 48.Rf1+ Kg3 49.Rg1+ Kf3 50.Rf1+ Kg4
51.Rg1+ Kf5 52.Ra1 h4 53.Ke3 e4 54.Ra5+ Kg4 55.Ra1 h3 56.Rg1+ Kf5 57.Rg7 h2
58.Rh7 Rxa7 59.Rh5+ Kg4 60.Rxh2 f5 61.Rg2+ Kh3 62.Rf2 Ra3+ 63.Kf4 Rd3  0-1

[Event "Nordic Championships"]
[Site "Vammala FIN"]
[Date "2005.08.29"]
[Round "6"]
[White "Lehtinen,H"]
[Black "Nyback,T"]
[Result "0-1"]
[WhiteElo "2402"]
[BlackElo "2571"]

1.c4 e6 2.Nf3 Nf6 3.Nc3 d5 4.e3 c6 5.d4 Nbd7 6.Qc2 Bd6 7.Be2 O-O 8.O-O dxc4
9.Bxc4 b5 10.Be2 a6 11.a4 Bb7 12.e4 e5 13.axb5 cxb5 14.d5 Rc8 15.Qb1 Nc5
16.b4 Ncd7 17.Nd1 Nb6 18.Ne3 Na4 19.Bd2 Nc3 20.Bxc3 Rxc3 21.Nd2 g6 22.Qb2 Rc8
23.Kh1 Qe7 24.Rab1 Rc7 25.Bd3 Rfc8 26.Nf3 Nd7 27.Ng1 Nb6 28.Ne2 Na4 29.Qd2 Nc3
30.Nxc3 Rxc3 31.Nc2 Bxd5 32.exd5 e4 33.Ne1 Qe5 34.f4 Qxd5 35.Rd1 exd3 36.Rf3 Qe4
37.Nxd3 Rc2 38.Qe3 Qxe3 39.Rxe3 R2c4 40.Ra1 Bf8  0-1

[Event "Operation Capablanca"]
[Site "Vienna AUT"]
[Date "2005.08.29"]
[Round "6"]
[White "Braun,A"]
[Black "Ragger,M"]
[Result "1/2-1/2"]
[WhiteElo "2475"]
[BlackElo "2434"]

1.d4 d5 2.c4 e6 3.Nc3 c6 4.Nf3 Nf6 5.e3 a6 6.Bd3 dxc4 7.Bxc4 c5 8.a4 Nc6
9.O-O Be7 10.Qe2 cxd4 11.Rd1 e5 12.exd4 exd4 13.Nxd4 Nxd4 14.Qe5 Qd6 15.Qxd6 Bxd6
16.Rxd4 Be5 17.Rd1 O-O 18.Be3 Bg4 19.f3 Rac8 20.Bd4 Rxc4 21.Bxe5 Be6 22.Rd4 Rxd4
23.Bxd4 Nd5 24.Nxd5  1/2-1/2

[Event "4th Open"]
[Site "Lahijan IRI"]
[Date "2005.08.30"]
[Round "7"]
[White "Aliev,K"]
[Black "Mousavi,S"]
[Result "0-1"]
[WhiteElo "2325"]
[BlackElo "2175"]

1.d4 e6 2.c4 d5 3.Nc3 c6 4.e3 Nf6 5.Nf3 Nbd7 6.Bd3 dxc4 7.Bxc4 b5 8.Bd3 Bb7
9.O-O a6 10.a4 b4 11.Ne4 Nxe4 12.Bxe4 Nf6 13.Bd3 c5 14.Qe2 Ne4 15.Rd1 Qc7
16.Qc2 Nf6 17.Bd2 Rc8 18.Rdc1 Qc6 19.Bf1 Bd6 20.Qd1 Qd5 21.dxc5 Bxc5 22.Qe1 a5
23.Bb5+ Ke7 24.Rc4 Ne4 25.Qe2 Rhd8 26.Be1 g5 27.Rac1 g4 28.Nh4 Qg5 29.g3 Qd5
30.Qxg4 Nxg3 31.Nf5+ Nxf5 32.e4 Qe5 33.Kf1 Rg8 34.Qh5 Ne3+  0-1

[Event "Nordic Championships"]
[Site "Vammala FIN"]
[Date "2005.09.01"]
[Round "8"]
[White "Thorfinnsson,Br"]
[Black "Simonsen,H"]
[Result "0-1"]
[WhiteElo "2448"]
[BlackElo "2305"]

1.d4 d5 2.c4 c6 3.Nf3 Nf6 4.Nc3 e6 5.e3 Nbd7 6.Qc2 Bd6 7.g4 dxc4 8.Bxc4 e5
9.Bd2 O-O 10.O-O-O exd4 11.Nxd4 Ne5 12.Be2 Nexg4 13.Be1 Qe7 14.Rg1 c5 15.Nf5 Bxf5
16.Qxf5 Ne5 17.Qg5 g6 18.Nb5 Rad8 19.Nxd6 Rxd6 20.Bc3 Re8 21.Rxd6 Qxd6 22.f4 Ned7
23.Qh6 Qe6 24.Rg3 Qxa2 25.Bg4 Rd8 26.Qg5 Qa1+ 27.Kc2 Qa4+ 28.b3 Qa2+ 29.Bb2 c4
30.bxc4 Rc8 31.Be2 Ne4 32.Qd5 Qa4+ 33.Kb1 Ndf6 34.Qd4 Rc6 35.Rg1 Rd6 36.Qe5 Rd2
37.Bf3 Qc2+ 38.Ka1 Rd6 39.Qxd6 Nxd6 40.Bxf6 Qa4+ 41.Kb2 Nxc4+ 42.Kc3 Nxe3  0-1

[Event "Autumn 1"]
[Site "Alushta UKR"]
[Date "2005.09.06"]
[Round "4"]
[White "Chuprikov,D"]
[Black "Paramonov,D"]
[Result "0-1"]
[WhiteElo "2416"]
[BlackElo "2395"]

1.d4 d5 2.c4 c6 3.e3 Nf6 4.Nc3 e6 5.Nf3 Nbd7 6.Qc2 b6 7.cxd5 exd5 8.Bd3 Bb7
9.O-O Be7 10.e4 dxe4 11.Nxe4 Nd5 12.a3 O-O 13.Bg5 Qc7 14.Nc3 Bxg5 15.Nxg5 Qf4
16.Nxh7 Rfe8 17.Nxd5 cxd5 18.Qa4 Nc5 19.Qc2 Nxd3 20.Qxd3 Qh6  0-1

[Event "zt 2.3"]
[Site "Guayaquil ECU"]
[Date "2005.09.06"]
[Round "3"]
[White "Blanco,A"]
[Black "Hernandez Basante,F"]
[Result "1/2-1/2"]
[WhiteElo "2316"]
[BlackElo "2265"]

1.d4 d5 2.c4 c6 3.Nc3 Nf6 4.Nf3 e6 5.e3 Nbd7 6.Bd3 dxc4 7.Bxc4 b5 8.Bb3 Be7
9.O-O Bb7 10.a3 a6 11.e4 c5 12.e5 Ne4 13.Qe2 Nxc3 14.bxc3 cxd4 15.cxd4 O-O
16.Rd1 Nb6 17.Bd2 Bd5 18.Bc2 Nc4 19.Qd3 g6  1/2-1/2

[Event "ch-NED w"]
[Site "Leeuwarden NED"]
[Date "2005.09.06"]
[Round "2"]
[White "Peng Zhaoqin"]
[Black "Bensdorp,L"]
[Result "1/2-1/2"]
[WhiteElo "2405"]
[BlackElo "2108"]

1.d4 d5 2.c4 e6 3.Nc3 c6 4.e3 Nf6 5.Nf3 Nbd7 6.Bd3 dxc4 7.Bxc4 b5 8.Bd3 Bd6
9.O-O O-O 10.Ng5 h6 11.Nge4 Be7 12.Qf3 Qb6 13.Rd1 Nxe4 14.Qxe4 Nf6 15.Qf3 Bb7
16.e4 c5 17.dxc5 Qxc5 18.Be3 Qb4 19.Rab1 Rfd8 20.Qg3 Kh8 21.e5 Nh5 22.Qh3 Nf4
23.Bxf4 Qxf4 24.Bxb5 Qxe5 25.Qe3 Qxe3 26.fxe3 Bf6 27.Kf2 Kg8 28.Be2 Rab8
29.Rxd8+ Rxd8 30.Rd1 Rxd1 31.Nxd1 Kf8 32.Bf3 Ba6 33.Be2 Bb7 34.Bf3 Ba6 35.Ke1 Ke7
36.Kd2 Kd6 37.Nc3 Be5 38.g3 Kc7 39.b3 f5 40.Na4 Kd6 41.b4 Bc4 42.a3 g5 43.Nc5 Bf6
44.Nb7+ Kc7 45.Na5 Bb5 46.Bd1 e5 47.a4 Ba6 48.b5 Bc8 49.Nc6 a6 50.Nb4 Bg7
51.Nxa6+ Bxa6 52.bxa6 Kb6 53.Be2 f4 54.e4 Bf8 55.gxf4 gxf4 56.a5+ Ka7 57.Kc3 f3
58.Bxf3 Bc5  1/2-1/2

[Event "TCh-POL Ekstraliga"]
[Site "Lubniewice POL"]
[Date "2005.09.06"]
[Round "4"]
[White "Schmidt,Wl"]
[Black "Bobras,P"]
[Result "1/2-1/2"]
[WhiteElo "2435"]
[BlackElo "2525"]

1.d4 d5 2.c4 c6 3.Nc3 Nf6 4.e3 e6 5.Nf3 Nbd7 6.Bd3 dxc4 7.Bxc4 b5 8.Be2 Bb7
9.O-O a6 10.e4 c5 11.e5 Nd5 12.a4 b4 13.Ne4 cxd4 14.Bg5 Qa5 15.Qxd4 h6 16.Bh4 Bc5
17.Nxc5 Qxc5 18.Qg4 O-O 19.Rfc1 Qa5 20.Bd3 Rfc8 21.Qe4 Nf8 22.Rxc8 Rxc8 23.Bg3 Qb6
24.a5 Qc5 25.Nd2 Rd8 26.Nb3 Qe7 27.Qe2 Ng6 28.Bxg6 fxg6 29.Rc1 Qg5 30.Rc4 Qf5
31.h3 g5 32.Qc2 Qxc2  1/2-1/2

[Event "Open A"]
[Site "Trieste ITA"]
[Date "2005.09.06"]
[Round "5"]
[White "Bosiocic,Mari"]
[Black "Lalic,B"]
[Result "1/2-1/2"]
[WhiteElo "2381"]
[BlackElo "2491"]

1.d4 Nf6 2.Nf3 e6 3.c4 d5 4.Nc3 c6 5.e3 a6 6.c5 Nbd7 7.b4 g6 8.Bb2 Bg7 9.Bd3 O-O
10.O-O e5 11.dxe5  1/2-1/2

[Event "Open A"]
[Site "Trieste ITA"]
[Date "2005.09.07"]
[Round "6"]
[White "Jovanic,O"]
[Black "Videki,S"]
[Result "1-0"]
[WhiteElo "2447"]
[BlackElo "2394"]

1.d4 d5 2.c4 c6 3.Nf3 Nf6 4.Nc3 e6 5.e3 Nbd7 6.Bd3 dxc4 7.Bxc4 b5 8.Bd3 Bd6
9.O-O O-O 10.e4 e5 11.Bg5 b4 12.Ne2 Bb7 13.Ng3 exd4 14.Nf5 Bc7 15.Re1 c5
16.Nd2 Ne5 17.Nc4 h6 18.Bh4 Ng6 19.Bg3 Bxg3 20.hxg3 Qc7 21.e5 Qc6 22.f3 Nd5
23.Nfd6 Qc7 24.e6 Nh8 25.Qc2 g6 26.Nxb7 Qxb7 27.Nd6 Qc6 28.exf7+ Nxf7 29.Re6 Nxd6
30.Bc4  1-0

[Event "FSGM September"]
[Site "Budapest HUN"]
[Date "2005.09.08"]
[Round "6"]
[White "Ilincic,Z"]
[Black "Pitl,G"]
[Result "1-0"]
[WhiteElo "2470"]
[BlackElo "2332"]

1.d4 d5 2.c4 c6 3.Nf3 Nf6 4.e3 e6 5.Nc3 Nbd7 6.Qc2 Bd6 7.Bd2 O-O 8.O-O-O e5
9.cxd5 exd4 10.exd4 Nxd5 11.Ne4 Bf4 12.Bxf4 Nxf4 13.Neg5 Nf6 14.Ne5 g6 15.h4 b5
16.Qd2 N4d5 17.Bd3 Nh5 18.Be4 Kg7 19.g4 Nhf4 20.Nxh7 Kxh7 21.h5 Qg5 22.hxg6+ Kg7
23.Rh7+ Kf6 24.Kb1 fxg6 25.Rc1 Ne6 26.Qd3 Ndf4 27.Qa3 b4 28.Qxb4 c5 29.Rxc5  1-0

[Event "ch-NED w"]
[Site "Leeuwarden NED"]
[Date "2005.09.08"]
[Round "4"]
[White "Bensdorp,M"]
[Black "Bensdorp,L"]
[Result "1-0"]
[WhiteElo "2225"]
[BlackElo "2108"]

1.d4 d5 2.Nf3 c6 3.c4 e6 4.e3 Nf6 5.Nc3 Nbd7 6.Qc2 Bd6 7.b3 a6 8.Be2 O-O
9.O-O b5 10.e4 dxe4 11.Nxe4 Be7 12.c5 Qc7 13.Bg5 Re8 14.Nxf6+ Bxf6 15.Bd3 h6
16.Bxf6 Nxf6 17.Rfe1 Rd8 18.Rad1 a5 19.Qe2 Nd5 20.Qe4 Nf6 21.Qh4 b4 22.Ne5 Ba6
23.Bc2 Nd7 24.Qe7  1-0

[Event "Open A"]
[Site "Trieste ITA"]
[Date "2005.09.09"]
[Round "8"]
[White "Jovanic,O"]
[Black "Pavasovic,D"]
[Result "1/2-1/2"]
[WhiteElo "2447"]
[BlackElo "2566"]

1.d4 d5 2.c4 e6 3.Nc3 c6 4.e3 Nf6 5.Nf3 Nbd7 6.Bd3 dxc4 7.Bxc4 b5 8.Bd3 a6
9.a4 b4 10.Ne4 Bb7 11.O-O c5 12.Ned2 Be7 13.Re1 cxd4 14.exd4 O-O 15.a5 Qc7
16.Nc4 Bd5 17.Qe2 Qb7 18.Bg5 Bxf3 19.Qxf3 Qxf3 20.gxf3 Nd5 21.Bd2 Rfd8 22.Ra4 Bf6
23.Be3 b3 24.Bf1 Rdb8 25.Rc1 Rc8 26.Nd6 Rxc1 27.Bxc1 Be7 28.Nc4 Rc8 29.Bd2 Rc6
30.Bd3 Bf6 31.Ne3 Nf4 32.Bf1 h5 33.Rb4 Rd6 34.Bc3 Kh7 35.Nc4 Rd5 36.Nb6 Rg5+
37.Kh1 Rxa5 38.Nxd7 Ra1 39.Nxf6+ gxf6 40.Kg1 h4 41.d5 Ne2+ 42.Kg2 h3+ 43.Kxh3 Rxf1
44.dxe6 Nxc3 45.e7 Re1 46.bxc3 Rxe7 47.Rxb3 Re2 48.Rb6 Rxf2 49.Kg3 Rc2 50.Rxf6 Kg7
51.Rc6 a5 52.Rc4 a4 53.Rxa4 Rxc3 54.Kf4 Rc6 55.h4 Rf6+ 56.Kg3 Rb6 57.Rg4+ Kf6
58.h5 Rb1 59.Rh4 Kg7 60.h6+ Kh7 61.Kg4 Rb6 62.Kg5 Rg6+ 63.Kf5 Rxh6 64.Rxh6+ Kxh6
65.Kf6 Kh5 66.f4 Kg4 67.f5 Kf4 68.Kxf7 Kxf5  1/2-1/2